<?xml version="1.0" encoding="UTF-8"?>
<record
    xmlns:xsi="http://www.w3.org/2001/XMLSchema-instance"
    xsi:schemaLocation="http://www.loc.gov/MARC21/slim http://www.loc.gov/standards/marcxml/schema/MARC21slim.xsd"
    xmlns="http://www.loc.gov/MARC21/slim">

  <leader>00634nam a22001577a 4500</leader>
  <controlfield tag="003">OSt</controlfield>
  <controlfield tag="005">20151104160726.0</controlfield>
  <controlfield tag="008">151104b        xxu||||| |||| 00| 0 eng d</controlfield>
  <datafield tag="040" ind1=" " ind2=" ">
    <subfield code="c">RUA</subfield>
  </datafield>
  <datafield tag="082" ind1=" " ind2=" ">
    <subfield code="a">FOR KIM 1997 B123 Or.1</subfield>
  </datafield>
  <datafield tag="100" ind1=" " ind2=" ">
    <subfield code="9">3371</subfield>
    <subfield code="a">KIM, SOBEN.</subfield>
  </datafield>
  <datafield tag="245" ind1=" " ind2=" ">
    <subfield code="a">Comcept on forests and wl=ildlife devilopment plans in kompong cham province, &#x1791;&#x179F;&#x17D2;&#x179F;&#x1793;&#x17C8;&#x1791;&#x17B6;&#x1793;&#x1793;&#x17C3;&#x1780;&#x17B6;&#x179A;&#x179A;&#x17C0;&#x1794;&#x1785;&#x17C6;&#x1795;&#x17C2;&#x1793;&#x1780;&#x17B6;&#x179A;&#x17A2;&#x1797;&#x17B7;&#x179C;&#x178C;&#x17D2;&#x178D;&#x1793;&#x17CD;&#x1796;&#x17D2;&#x179A;&#x17C3;&#x1788;&#x17BE;&#x1793;&#x17B7;&#x1784;&#x179F;&#x178F;&#x17D2;&#x179C;&#x1796;&#x17D2;&#x179A;&#x17C3;&#x1793;&#x17C5;&#x1781;&#x17C1;&#x178F;&#x17D2;&#x178F;&#x1780;&#x17C6;&#x1796;&#x1784;&#x17CB;&#x1785;&#x17B6;&#x1798;</subfield>
  </datafield>
  <datafield tag="260" ind1=" " ind2=" ">
    <subfield code="a">Phnom Penh</subfield>
    <subfield code="b">RUA</subfield>
    <subfield code="c">1997</subfield>
  </datafield>
  <datafield tag="300" ind1=" " ind2=" ">
    <subfield code="a">59p.</subfield>
    <subfield code="b">ill.</subfield>
    <subfield code="c">29cm.</subfield>
  </datafield>
  <datafield tag="942" ind1=" " ind2=" ">
    <subfield code="2">ddc</subfield>
    <subfield code="c">FOR</subfield>
  </datafield>
  <datafield tag="999" ind1=" " ind2=" ">
    <subfield code="c">3144</subfield>
    <subfield code="d">3144</subfield>
  </datafield>
  <datafield tag="952" ind1=" " ind2=" ">
    <subfield code="0">0</subfield>
    <subfield code="1">0</subfield>
    <subfield code="2">ddc</subfield>
    <subfield code="4">0</subfield>
    <subfield code="6">FOR_KIM_1997_000000000000000_B123_OR_1</subfield>
    <subfield code="7">0</subfield>
    <subfield code="9">14795</subfield>
    <subfield code="a">LBB</subfield>
    <subfield code="b">LBB</subfield>
    <subfield code="c">B123</subfield>
    <subfield code="d">2015-11-04</subfield>
    <subfield code="o">FOR KIM 1997 B123 Or.1</subfield>
    <subfield code="p">RUA026443</subfield>
    <subfield code="r">2015-11-04</subfield>
    <subfield code="w">2015-11-04</subfield>
    <subfield code="y">FOR</subfield>
  </datafield>
  <datafield tag="952" ind1=" " ind2=" ">
    <subfield code="0">0</subfield>
    <subfield code="1">0</subfield>
    <subfield code="2">ddc</subfield>
    <subfield code="4">0</subfield>
    <subfield code="6">FOR_KIM_1997_000000000000000_B123_OR_2</subfield>
    <subfield code="7">0</subfield>
    <subfield code="9">14796</subfield>
    <subfield code="a">LBB</subfield>
    <subfield code="b">LBB</subfield>
    <subfield code="c">B123</subfield>
    <subfield code="d">2015-11-04</subfield>
    <subfield code="o">FOR KIM 1997 B123 Or.2</subfield>
    <subfield code="p">RUA010909</subfield>
    <subfield code="r">2015-11-04</subfield>
    <subfield code="w">2015-11-04</subfield>
    <subfield code="y">FOR</subfield>
  </datafield>
  <datafield tag="952" ind1=" " ind2=" ">
    <subfield code="0">0</subfield>
    <subfield code="1">0</subfield>
    <subfield code="2">ddc</subfield>
    <subfield code="4">0</subfield>
    <subfield code="6">FOR_KIM_1997_000000000000000_B123_OR_3</subfield>
    <subfield code="7">0</subfield>
    <subfield code="9">14797</subfield>
    <subfield code="a">LBB</subfield>
    <subfield code="b">LBB</subfield>
    <subfield code="c">B123</subfield>
    <subfield code="d">2015-11-04</subfield>
    <subfield code="o">FOR KIM 1997 B123 Or.3</subfield>
    <subfield code="p">RUA010837</subfield>
    <subfield code="r">2015-11-04</subfield>
    <subfield code="w">2015-11-04</subfield>
    <subfield code="y">FOR</subfield>
  </datafield>
  <datafield tag="952" ind1=" " ind2=" ">
    <subfield code="0">0</subfield>
    <subfield code="1">0</subfield>
    <subfield code="2">ddc</subfield>
    <subfield code="4">0</subfield>
    <subfield code="6">FOR_KIM_1997_000000000000000_B123_OR_4</subfield>
    <subfield code="7">0</subfield>
    <subfield code="9">15001</subfield>
    <subfield code="a">LBB</subfield>
    <subfield code="b">LBB</subfield>
    <subfield code="c">B123</subfield>
    <subfield code="d">2015-11-06</subfield>
    <subfield code="o">FOR KIM 1997 B123 Or.4</subfield>
    <subfield code="p">RUA027589</subfield>
    <subfield code="r">2015-11-06</subfield>
    <subfield code="w">2015-11-06</subfield>
    <subfield code="y">FOR</subfield>
  </datafield>
</record>
